| 000 | 01227cam a2200325 i 4500 | ||
|---|---|---|---|
| 999 |
_c200459779 _d77991 |
||
| 003 | TR-AnTOB | ||
| 005 | 20240312135823.0 | ||
| 007 | ta | ||
| 008 | 180531s2017 tu aho 001 0 tur d | ||
| 020 |
_a9789944237574 _q(hardback) |
||
| 040 |
_aIYTE _beng _erda _cTR-AnTOB _dTR-AnTOB |
||
| 041 | 0 | _atur | |
| 050 | 4 |
_aDK909.5.T87 _bA4376 2017 |
|
| 090 |
_aDK909.5.T87 _bA4376 2017 |
||
| 100 | 1 |
_aAkar, Metin _eauthor _915887 |
|
| 245 | 1 | 0 |
_aTaykazan : _bTaykazan ve etrafında oluşan halk kültürü, taykazanın Rusya mecerası, belgeler / _cProf. Dr. Metin Akar. |
| 246 | 1 | 4 | _aTaykazan. |
| 246 | 1 | 0 | _aTaykazan ve etrafında oluşan halk kültürü, taykazanın Rusya mecerası, belgeler. |
| 264 | 1 |
_aAnkara : _bAhmet Yesevi Üniversitesi, _c2017. |
|
| 300 |
_a195 pages : _billustrations, photographs, facsimiles ; _c24 cm |
||
| 336 |
_atext _btxt _2rdacontent |
||
| 337 |
_aunmediated _bn _2rdamedia |
||
| 338 |
_avolume _bnc _2rdacarrier |
||
| 490 | 0 |
_aAhmet Yesevi Üniversitesi İnceleme Araştırma Dizisi ; _v44 |
|
| 504 | _aBIB | ||
| 651 | 7 |
_aTürkistan (Kazakistan) _xEski eserler _2etuturkob _9133360 |
|
| 651 | 7 |
_aTürkistan (Kazakistan) _xTarih _2etuturkob _9133360 |
|
| 942 |
_2lcc _cBK |
||